HTC One (M8) for dummies

Wedi'i Gadw mewn:
Manylion Llyfryddiaeth
Prif Awdur:  Hughes, Bill
Fformat: Sách
Iaith:Undetermined
Cyhoeddwyd:  Wiley, John Wiley & Sons  2015
Pynciau:
Tagiau: Ychwanegu Tag
Dim Tagiau, Byddwch y cyntaf i dagio'r cofnod hwn!
Thư viện lưu trữ: Trung tâm Thư viện - Trường Đại học Công nghiệp TP. Hồ Chí Minh
LEADER 00510nam a2200157Ia 4500
001 UIH_07490
008 231011s9999 xx 000 0 und d
082 |a  004.1675 
100 |a  Hughes, Bill 
245 0 |a  HTC One (M8) for dummies 
245 0 |c  Hughes, Bill 
260 |b  Wiley, John Wiley & Sons 
260 |c  2015 
650 |a  HTC One (Điện thoại thông minh); Máy tính;  
927 |a Sách 
980 |a Trung tâm Thư viện - Trường Đại học Công nghiệp TP. Hồ Chí Minh